| 000 | 00578nam a2200217Ia 4500 | ||
|---|---|---|---|
| 005 | 20241129105945.0 | ||
| 008 | 241129s9999||||xx |||||||||||||| ||und|| | ||
| 020 | _a978-1-5179-0111-0 | ||
| 037 | _aTB | ||
| 040 |
_aARTS _beng _cARTS |
||
| 041 |
_aeng _2eng |
||
| 084 |
_aY2v53 Q9 _qARTS |
||
| 100 |
_aLuxon Nancy Au. _9726694 |
||
| 245 | 0 |
_aArchives of infamy _cLuxon Nancy Au. |
|
| 260 |
_aUK _bUniversity of Minnesota Press _c2019 |
||
| 300 | _axi,371p. | ||
| 365 |
_aUKP _b23.99 |
||
| 650 | _aSociology | ||
| 942 |
_cTB _hY2v53 Q9 |
||
| 999 |
_c1226763 _d1226763 |
||